[Event "PRVA LIGA CENTRALNE SRBIJE 2018."]
[Site "Kragujevac,hotel Sumarice"]
[Date "2018.09.14"]
[Round "1.5"]
[White "Colovic, Dusan"]
[Black "Gajic, Mladen"]
[Result "1-0"]
[WhiteElo "2296"]
[BlackElo "2291"]
[PlyCount "55"]
[EventDate "2018.09.14"]
[WhiteTeam "Sabacki SK Sabac"]
[BlackTeam "Trepca Kosovska Mitrovica"]

1. d4 Nf6 2. Nc3 d6 3. e4 e5 4. Nf3 Nbd7 5. Bc4 Be7 6. O-O O-O 7. a4 c6 8. h3
a5 9. Bb3 exd4 10. Nxd4 Nc5 11. Re1 Nxb3 12. cxb3 Nd7 13. Be3 Nc5 14. Qf3 Bf6
15. Rad1 Qc7 16. Qg3 Re8 17. f3 Qe7 18. Bf2 Be5 19. f4 Bf6 20. e5 dxe5 21. fxe5
Bg5 22. Nf3 Bh6 23. Rd6 Ne6 24. Re4 Kh8 25. Rh4 Nc7 26. Rhxh6 gxh6 27. Qf4 Be6
28. Bh4 1-0

[Event "PRVA LIGA CENTRALNE SRBIJE 2018."]
[Site "Kragujevac,hotel Sumarice"]
[Date "2018.09.14"]
[Round "1.5"]
[White "Biljanic, Ljubomir"]
[Black "Pantelic, Sasa"]
[Result "1-0"]
[WhiteElo "2212"]
[BlackElo "2294"]
[PlyCount "74"]
[EventDate "2018.09.14"]
[WhiteTeam "Trepca Kosovska Mitrovica"]
[BlackTeam "Sabacki SK Sabac"]

1. d4 Nf6 2. c4 g6 3. Nc3 Bg7 4. e4 d6 5. Nf3 Bg4 6. Be3 Bxf3 7. Qxf3 Nfd7 8.
O-O-O O-O 9. h4 e5 10. d5 f5 11. exf5 gxf5 12. Bg5 Qe8 13. h5 h6 14. Be3 Na6
15. Nb5 Qe7 16. Kb1 Ndc5 17. Bc1 Kh8 18. Qe2 c6 19. Nd4 cxd5 20. cxd5 Qf7 21.
Nf3 Rfe8 22. Nh4 e4 23. g4 f4 24. Ng6+ Kg8 25. Nxf4 Nb4 26. Qd2 a5 27. Bb5 Re5
28. Ng6 Rg5 29. Qe2 Rxg6 30. hxg6 Qxg6 31. Be3 Ncd3 32. Rd2 Rf8 33. g5 Nxf2 34.
Rf1 Nbd3 35. gxh6 Be5 36. h7+ Qxh7 37. Rg1+ Bg7 1-0

[Event "PRVA LIGA CENTRALNE SRBIJE 2018."]
[Site "Kragujevac,hotel Sumarice"]
[Date "2018.09.14"]
[Round "1.5"]
[White "Jesic, Dusan"]
[Black "Adzic, Momcilo"]
[Result "1-0"]
[WhiteElo "2322"]
[BlackElo "2265"]
[PlyCount "131"]
[EventDate "2018.09.14"]
[WhiteTeam "Sabacki SK Sabac"]
[BlackTeam "Trepca Kosovska Mitrovica"]

1. e4 c5 2. Nf3 d6 3. d4 cxd4 4. Nxd4 Nf6 5. Nc3 a6 6. f4 e6 7. Qd3 Qc7 8. a4
b6 9. g4 h6 10. Bg2 Bb7 11. Qh3 Nc6 12. Nxc6 Bxc6 13. g5 Nd7 14. g6 Nf6 15. Be3
Qb7 16. Rg1 Nxe4 17. gxf7+ Kxf7 18. Nxe4 Bxe4 19. f5 e5 20. Qg4 Bxg2 21. Rxg2
Ke8 22. O-O-O Qf7 23. Bxb6 Be7 24. Kb1 Rf8 25. Qe4 Rc8 26. Qb7 Qxf5 27. Qxa6 g5
28. a5 Qd7 29. Qe2 Qc6 30. Qh5+ Kd7 31. Qh3+ Ke8 32. Rgd2 Rf6 33. Qb3 Kf8 34.
Rd3 Qb7 35. Qb5 Qc6 36. Qb3 Qb7 37. Qb5 Qc6 38. Qxc6 Rxc6 39. b4 Rf4 40. b5 Rc8
41. a6 Rfc4 42. a7 Ra8 43. Rb3 Ra4 44. Be3 R4xa7 45. Bxa7 Rxa7 46. c4 Kf7 47.
Kc2 Ke6 48. Rh3 Bf8 49. Kb3 g4 50. Re3 Be7 51. Re2 Bg5 52. c5 dxc5 53. Kc4 Ra4+
54. Kxc5 Be7+ 55. Kc6 Rc4+ 56. Kb7 Rb4 57. Kb6 Rb3 58. Rc2 Bg5 59. Kc6 Be3 60.
Rd8 e4 61. Re8+ Kf5 62. Rc4 Bg1 63. Rexe4 h5 64. Re2 Rh3 65. b6 Rxh2 66. b7 1-0

[Event "PRVA LIGA CENTRALNE SRBIJE 2018."]
[Site "Kragujevac,hotel Sumarice"]
[Date "2018.09.14"]
[Round "1.5"]
[White "Djosic, Slavoljub"]
[Black "Ignjatovic, Predrag"]
[Result "1/2-1/2"]
[WhiteElo "2315"]
[BlackElo "2246"]
[PlyCount "52"]
[EventDate "2018.09.14"]
[WhiteTeam "Trepca Kosovska Mitrovica"]
[BlackTeam "Sabacki SK Sabac"]

1. e4 e5 2. Nf3 Nc6 3. Bc4 Bc5 4. c3 Nf6 5. b4 Bb6 6. d3 d6 7. a4 a6 8. Qc2 h6
9. h3 O-O 10. g4 Nh7 11. Rg1 Qf6 12. Qe2 g5 13. Nbd2 Ne7 14. Nf1 Ng6 15. Ne3
Bxe3 16. fxe3 c6 17. Rf1 Qe7 18. a5 Be6 19. Ba3 Rfd8 20. Qg2 d5 21. exd5 cxd5
22. Bb3 Qc7 23. Rc1 Rac8 24. Qf2 Nhf8 25. Bb2 f6 26. Rc2 Qf7 1/2-1/2

[Event "PRVA LIGA CENTRALNE SRBIJE 2018."]
[Site "Kragujevac"]
[Date "2018.09.14"]
[Round "1.6"]
[White "Parligras, Mircea-Emilian"]
[Black "Draskovic, Luka"]
[Result "1/2-1/2"]
[WhiteElo "2623"]
[BlackElo "2449"]
[Annotator "Balkanchess"]
[PlyCount "109"]
[EventDate "2018.??.??"]
[WhiteClock "0:16:57"]
[BlackClock "0:06:49"]

1. d4 Nf6 2. c4 e6 3. Nf3 Bb4+ 4. Bd2 Qe7 5. g3 Bxd2+ 6. Qxd2 Nc6 7. Nc3 d5 8.
e3 dxc4 9. Bxc4 O-O 10. Ne5 Nxe5 11. dxe5 Nd7 12. f4 a6 13. Be2 b6 14. Bf3 Rb8
15. O-O a5 16. Rfd1 Nc5 17. Nb5 Bd7 18. Nd4 Rbd8 19. Qc3 f6 20. exf6 Qxf6 21.
Rac1 Ba4 22. b3 Be8 23. Ne2 Bb5 24. Qxf6 gxf6 25. Nd4 Bd7 26. Rd2 Kf7 27. Rcd1
Ke7 28. Kf1 e5 29. Nc6+ Bxc6 30. Bxc6 Rd6 31. Rxd6 cxd6 32. Bd5 b5 33. a3 Rb8
34. Ra1 Rb6 35. Ke2 f5 36. Rc1 Kf6 37. Kd2 b4 38. Ra1 a4 39. axb4 Rxb4 40. Kc3
Nxb3 41. Ra3 Rb5 42. Bc4 Rc5 43. Kb4 Nd2 44. Bd3 e4 45. Ra2 Nf3 46. Bc4 Ne1 47.
Re2 Nd3+ 48. Bxd3 exd3 49. Rd2 Rc2 50. Rxd3 Ke6 51. Kxa4 Rxh2 52. Kb5 Rg2 53.
Kc6 Rc2+ 54. Kb5 Rg2 55. Kc6 {Ke5} 1/2-1/2

[Event "PRVA LIGA CENTRALNE SRBIJE 2018."]
[Site "Kragujevac"]
[Date "2018.09.14"]
[Round "1.6"]
[White "Djordjevic, Vuk"]
[Black "Zajic, Milan"]
[Result "1/2-1/2"]
[WhiteElo "2404"]
[BlackElo "2497"]
[Annotator "Balkanchess"]
[PlyCount "28"]
[EventDate "2018.??.??"]
[WhiteClock "0:24:44"]
[BlackClock "0:10:07"]

1. d4 Nf6 2. Bg5 d5 3. e3 c5 4. Bxf6 gxf6 5. dxc5 Qa5+ 6. Nc3 e6 7. Qd4 Nc6 8.
Bb5 Rg8 9. Nge2 f5 10. O-O Qd8 11. f4 Bd7 12. Bxc6 Bxc6 13. Rf2 Bg7 14. Qb4 a5
1/2-1/2

[Event "PRVA LIGA CENTRALNE SRBIJE 2018."]
[Site "Kragujevac"]
[Date "2018.09.14"]
[Round "1.6"]
[White "Perunovic, Miodrag"]
[Black "Radovanovic, Mihajlo"]
[Result "1-0"]
[WhiteElo "2433"]
[BlackElo "2427"]
[Annotator "Balkanchess"]
[PlyCount "105"]
[EventDate "2018.??.??"]
[WhiteClock "0:45:54"]
[BlackClock "0:12:58"]

1. e4 c5 2. Nc3 Nc6 3. f4 g6 4. Nf3 Bg7 5. Bb5 Nd4 6. O-O a6 7. Bd3 d6 8. Nxd4
cxd4 9. Ne2 Nh6 10. f5 Ng4 11. Nf4 Ne5 12. Nd5 Nxd3 13. cxd3 O-O 14. Qe1 b5 15.
b3 Bb7 16. Bb2 Bxd5 17. exd5 Be5 18. Qh4 Qb6 19. Qxe7 Qd8 20. Qxd8 Rfxd8 21.
Rac1 Rdc8 22. fxg6 hxg6 23. g4 Kf8 24. Kg2 Ke7 25. Rce1 Rc2 26. Bxd4 Rxd2+ 27.
Rf2 Rxd3 28. Bxe5 dxe5 29. Rxe5+ Kf8 30. Re6 Kg7 31. Re7 Rf8 32. Rd7 a5 33. Ra7
Rxd5 34. Rxa5 f5 35. a4 Kf6 36. gxf5 gxf5 37. Rxb5 Rg8+ 38. Kf3 Rxb5 39. axb5
Rg4 40. Rb2 Rb4 41. b6 f4 42. Kg4 Ke5 43. b7 Kd4 44. Rd2+ Ke3 45. Rd7 Kf2 46.
Rd4 Rxd4 47. b8=Q f3+ 48. Kh3 Rd3 49. Qb5 Re3 50. Qc5 Ke2 51. Qc2+ Ke1 52. Qc1+
Ke2 53. Kg3 1-0

[Event "PRVA LIGA CENTRALNE SRBIJE 2018."]
[Site "Kragujevac"]
[Date "2018.09.14"]
[Round "1.6"]
[White "Pezelj, Novak"]
[Black "Radovanovic, Dusan"]
[Result "1-0"]
[WhiteElo "2457"]
[BlackElo "2321"]
[Annotator "Balkanchess"]
[PlyCount "69"]
[EventDate "2018.??.??"]
[WhiteClock "0:03:04"]
[BlackClock "0:03:53"]

1. d4 Nf6 2. c4 c5 3. d5 e6 4. Nc3 exd5 5. cxd5 d6 6. e4 g6 7. Nf3 Bg7 8. Be2
O-O 9. O-O Bg4 10. Bf4 Re8 11. h3 Bxf3 12. Bxf3 a6 13. Re1 Nfd7 14. Qc2 Ne5 15.
Be2 Nbd7 16. Be3 b5 17. a4 Nc4 18. Bf4 Qf6 19. axb5 Qxf4 20. Bxc4 Nb6 21. Bf1
axb5 22. Rxa8 Rxa8 23. Bxb5 h5 24. g3 Qe5 25. h4 Qd4 26. Bc6 Rb8 27. e5 Bxe5
28. Re4 Nc4 29. Rxd4 cxd4 30. Nb5 Na5 31. f4 Bg7 32. Nxd6 Rb3 33. Be8 d3 34.
Qc8 Kh7 35. Bxf7 1-0

[Event "PRVA LIGA CENTRALNE SRBIJE 2018."]
[Site "Kragujevac"]
[Date "2018.09.14"]
[Round "1.6"]
[White "Rajkovic, Mladen"]
[Black "Radivojevic, Ivan"]
[Result "0-1"]
[WhiteElo "2304"]
[BlackElo "2360"]
[Annotator "Balkanchess"]
[PlyCount "114"]
[EventDate "2018.??.??"]
[WhiteClock "0:05:34"]
[BlackClock "0:30:23"]

1. e4 c6 2. d4 d5 3. e5 Bf5 4. Nf3 e6 5. Be2 c5 6. Be3 cxd4 7. Nxd4 Ne7 8. Nd2
Nbc6 9. N2f3 Bg4 10. O-O Bxf3 11. Nxf3 Ng6 12. c4 dxc4 13. Bxc4 a6 14. Qb3 Na5
15. Qa4+ b5 16. Bxb5+ axb5 17. Qxb5+ Qd7 18. Qxd7+ Kxd7 19. Rfd1+ Ke8 20. Rac1
Ne7 21. Nd4 Nd5 22. Nb5 Be7 23. Nc7+ Nxc7 24. Rxc7 Bd8 25. Rc2 f6 26. f4 Rf8
27. b4 Nb7 28. Rc6 Rf7 29. f5 Rd7 30. Rxe6+ Be7 31. Rxd7 Kxd7 32. Rb6 Nd8 33.
e6+ Kc7 34. Rb5 Kc6 35. Rb6+ Kc7 36. Rb5 Nc6 37. Bf4+ Ne5 38. Bxe5+ fxe5 39.
Rd5 Bxb4 40. Rxe5 Kd6 41. Re2 h5 42. g3 Ke7 43. Kg2 Kf6 44. Rb2 Be7 45. Rb5
Rxa2+ 46. Kh3 Rf2 47. g4 hxg4+ 48. Kxg4 Rxh2 49. Rd5 Rc2 50. Rb5 Rc4+ 51. Kf3
Rc5 52. Rxc5 Bxc5 53. Ke4 Ba3 54. Kf4 Be7 55. Kg4 Bd6 56. Kh5 Kxf5 57. e7 g6+
0-1